[Event "CZECH OPEN 2011 "]
[Site "Pardubice (CZE)"]
[Date "2011.07.28"]
[Round "7.91"]
[White "Yakunin, Alexey"]
[Black "Pfretzschner, Roland"]
[Result "1/2-1/2"]
[WhiteElo "2360"]
[BlackElo "2240"]
[PlyCount "56"]
[EventDate "2011.07.22"]

1. e4 c5 2. Nf3 e6 3. d4 cxd4 4. Nxd4 a6 5. Bd3 Bc5 6. Nb3 Be7 7. O-O d6 8. Qg4
Bf6 9. a4 Ne7 10. N1d2 O-O 11. f4 Ng6 12. a5 Nc6 13. c3 b5 14. axb6 Qxb6+ 15.
Kh1 a5 16. Qd1 Rb8 17. Ra4 Bd7 18. Na1 d5 19. Ra2 Rfd8 20. Nc2 Be8 21. e5 Be7
22. Nf3 Bc5 23. Qe2 d4 24. cxd4 Nxd4 25. Ncxd4 Bxd4 26. Nxd4 Qxd4 27. Be4 Rb4
28. Bc2 Qb6 1/2-1/2

[Event "CZECH OPEN 2011 "]
[Site "Pardubice (CZE)"]
[Date "2011.07.28"]
[Round "7.100"]
[White "Aliakbarov, Anar Samir Oglu"]
[Black "Chudinovskikh, Alexander"]
[Result "0-1"]
[WhiteElo "2182"]
[BlackElo "2302"]
[PlyCount "70"]
[EventDate "2011.07.22"]

1. d4 Nf6 2. c4 e6 3. Nf3 d5 4. cxd5 exd5 5. Nc3 c6 6. Bg5 Bf5 7. e3 Nbd7 8.
Bd3 Bxd3 9. Qxd3 Be7 10. O-O O-O 11. Rab1 a6 12. Rfc1 Re8 13. b4 Ne4 14. Bf4
Bd6 15. Ne2 Nb6 16. h4 Qc7 17. Bxd6 Nxd6 18. Ng3 Nbc4 19. Ng5 g6 20. a4 b5 21.
a5 h6 22. Nf3 Ne4 23. Nf1 Rad8 24. N1h2 Rd6 25. Ng4 Kg7 26. Nge5 f6 27. Ng4
Rde6 28. Re1 Rf8 29. Ngh2 f5 30. g3 g5 31. hxg5 hxg5 32. Kg2 Rh8 33. Rh1 Reh6
34. Rbg1 g4 35. Nh4 Rxh4 0-1

[Event "CZECH OPEN 2011 "]
[Site "Pardubice (CZE)"]
[Date "2011.07.28"]
[Round "7.95"]
[White "Lambrechts, Koen"]
[Black "Pribyl, Josef"]
[Result "1/2-1/2"]
[WhiteElo "2255"]
[BlackElo "2328"]
[PlyCount "76"]
[EventDate "2011.07.22"]

1. e4 Nf6 2. e5 Nd5 3. d4 d6 4. Nf3 Bg4 5. Be2 c6 6. O-O Bxf3 7. Bxf3 dxe5 8.
dxe5 e6 9. Be4 Nd7 10. f4 Bc5+ 11. Kh1 g6 12. Qe2 h5 13. c4 Ne7 14. Nd2 Nf5 15.
Nb3 h4 16. Bxf5 gxf5 17. Be3 Bxe3 18. Qxe3 Qb6 19. c5 Qa6 20. Nd2 O-O-O 21. b4
Nf8 22. Rf3 Ng6 23. h3 Rd5 24. Rc1 Rhd8 25. Nc4 Qxa2 26. Nd6+ Kb8 27. Rf2 Qa4
28. Qc3 Rd1+ 29. Rxd1 Qxd1+ 30. Kh2 Rd7 31. b5 Qa4 32. Qf3 a6 33. bxa6 Qxa6 34.
Qb3 Qa1 35. Ra2 Qc1 36. Qb6 Qxf4+ 37. Kh1 Qf1+ 38. Kh2 Qf4+ 1/2-1/2

[Event "CZECH OPEN 2011 "]
[Site "Pardubice (CZE)"]
[Date "2011.07.28"]
[Round "7.97"]
[White "Oresky, Jan"]
[Black "Vlasak, Lukas"]
[Result "0-1"]
[WhiteElo "2223"]
[BlackElo "2308"]
[PlyCount "82"]
[EventDate "2011.07.22"]

1. e4 c5 2. Nf3 d6 3. d4 cxd4 4. Nxd4 Nf6 5. Nc3 a6 6. Be3 e5 7. Nb3 Be6 8. h3
Nbd7 9. Qf3 Be7 10. g4 Nb6 11. O-O-O O-O 12. Nc5 Qc7 13. Nxe6 fxe6 14. g5 Nfd5
15. Nxd5 exd5 16. Bxb6 Qxb6 17. Qg4 Qxf2 18. Qe6+ Qf7 19. Qxf7+ Rxf7 20. h4 Rf4
21. Rxd5 Rxh4 22. Rxh4 Bxg5+ 23. Kd1 Bxh4 24. Rxd6 Rd8 25. Bc4+ Kf8 26. Rxd8+
Bxd8 27. Bd5 b6 28. b4 Be7 29. c3 h5 30. Bc4 a5 31. Be2 axb4 32. Bxh5 bxc3 33.
Kc2 Bb4 34. Kd3 Ke7 35. Bd1 Kf6 36. a3 Ba5 37. a4 Kg5 38. Ke3 Kh4 39. Kf3 Kh3
40. Bb3 g5 41. Be6+ g4+ 0-1

[Event "CZECH OPEN 2011 "]
[Site "Pardubice (CZE)"]
[Date "2011.07.29"]
[Round "8.1"]
[White "Danin, Alexandre"]
[Black "Stefansson, Hannes"]
[Result "1/2-1/2"]
[WhiteElo "2538"]
[BlackElo "2546"]
[PlyCount "70"]
[EventDate "2011.07.22"]

1. e4 e5 2. Nf3 Nc6 3. d4 exd4 4. Nxd4 Bc5 5. Nxc6 Qf6 6. Qf3 bxc6 7. Nd2 a5 8.
a4 d6 9. Nb3 Bb6 10. Bd2 Be6 11. Bc3 Qh6 12. Nd4 Ne7 13. Bd3 O-O 14. O-O Bxd4
15. Bxd4 c5 16. Be3 Qh4 17. e5 Nd5 18. exd6 Nxe3 19. Qxe3 cxd6 20. Bb5 Qf6 21.
b3 Rfd8 22. Rac1 Rac8 23. c4 Qe7 24. Rfd1 Qb7 25. Rd2 Qa8 26. Rcd1 d5 27. cxd5
Rxd5 28. Bc4 Rxd2 29. Qxd2 Bxc4 30. bxc4 g6 31. Qd7 Qc6 32. g3 Qxd7 33. Rxd7
Rb8 34. Ra7 Rb4 35. Rxa5 Rxc4 1/2-1/2

[Event "CZECH OPEN 2011 "]
[Site "Pardubice (CZE)"]
[Date "2011.07.29"]
[Round "8.2"]
[White "Panchanathan, Magesh Chandran"]
[Black "Kononenko, Dmitry"]
[Result "0-1"]
[WhiteElo "2556"]
[BlackElo "2593"]
[PlyCount "58"]
[EventDate "2011.07.22"]

1. d4 Nf6 2. Nf3 e6 3. c4 b6 4. g3 Ba6 5. Qc2 Bb7 6. Bg2 c5 7. d5 exd5 8. cxd5
Nxd5 9. O-O Be7 10. Rd1 Nc6 11. a3 Nc7 12. Nc3 O-O 13. e4 d6 14. Be3 Qc8 15.
Nd5 Nxd5 16. exd5 Nb8 17. Ng5 Bxg5 18. Bxg5 Re8 19. Qa4 Qd7 20. Qh4 f6 21. Bh3
Qf7 22. Be6 Rxe6 23. dxe6 Qxe6 24. Re1 Qf7 25. Rad1 fxg5 26. Qxg5 Nc6 27. Rxd6
Rf8 28. f4 Nd4 29. Rxd4 h6 0-1

[Event "CZECH OPEN 2011 "]
[Site "Pardubice (CZE)"]
[Date "2011.07.29"]
[Round "8.3"]
[White "Zakhartsov, Viacheslav V"]
[Black "Dzhakaev, Dzhakay"]
[Result "1/2-1/2"]
[WhiteElo "2578"]
[BlackElo "2478"]
[PlyCount "38"]
[EventDate "2011.07.22"]

1. d4 d5 2. c4 c6 3. Nc3 Nf6 4. e3 a6 5. Nf3 b5 6. b3 Bg4 7. Be2 e6 8. O-O Nbd7
9. h3 Bh5 10. Bb2 Bd6 11. Ne5 Bxe2 12. Nxe2 dxc4 13. bxc4 Qc7 14. Qc2 O-O 15.
Nd3 c5 16. dxc5 Nxc5 17. cxb5 axb5 18. Bxf6 gxf6 19. Rfc1 Rfc8 1/2-1/2

[Event "CZECH OPEN 2011 "]
[Site "Pardubice (CZE)"]
[Date "2011.07.29"]
[Round "8.5"]
[White "Stupak, Kirill"]
[Black "Shanava, Konstantine"]
[Result "0-1"]
[WhiteElo "2530"]
[BlackElo "2535"]
[PlyCount "108"]
[EventDate "2011.07.22"]

1. d4 g6 2. g3 Bg7 3. Bg2 d6 4. Nc3 Nf6 5. e4 O-O 6. Nge2 e5 7. O-O exd4 8.
Nxd4 Re8 9. h3 Bd7 10. Be3 Nc6 11. Nde2 Rb8 12. a4 a6 13. g4 h5 14. f3 b5 15.
axb5 axb5 16. Nf4 b4 17. Nce2 hxg4 18. hxg4 Ne5 19. b3 Nh7 20. Rb1 Ra8 21. Qd2
Qb8 22. Nd3 Bb5 23. Nef4 c5 24. Rf2 Nc6 25. Nd5 Nf6 26. Nxf6+ Bxf6 27. Nf4 Bc3
28. Qd1 Bg7 29. Nd5 Nd4 30. Bg5 Re6 31. f4 Bc6 32. Ne7+ Rxe7 33. Bxe7 Qc7 34.
Bh4 Re8 35. Qd3 Nb5 36. e5 dxe5 37. Bxc6 Qxc6 38. fxe5 Bxe5 39. Qf3 Qd7 40. Rd1
Nd4 41. Kf1 Nxf3 42. Rxd7 Nxh4 43. Rfxf7 Bd4 44. Rc7 g5 45. Rcd7 Rd8 46. Rc7
Rf8 47. Rxf8+ Kxf8 48. Rh7 Ng6 49. Ke2 Kg8 50. Rh1 Kg7 51. Kf3 Ne5+ 52. Kg3 Kf7
53. Rh6 Ke7 54. Ra6 Kd7 0-1

[Event "CZECH OPEN 2011 "]
[Site "Pardubice (CZE)"]
[Date "2011.07.29"]
[Round "8.6"]
[White "Stocek, Jiri"]
[Black "Cvek, Robert"]
[Result "1/2-1/2"]
[WhiteElo "2596"]
[BlackElo "2506"]
[PlyCount "38"]
[EventDate "2011.07.22"]

1. d4 Nf6 2. c4 e6 3. Nc3 Bb4 4. Qc2 O-O 5. Bg5 c5 6. dxc5 Na6 7. a3 Bxc3+ 8.
Qxc3 Nxc5 9. f3 Nfe4 10. Qxg7+ Kxg7 11. Bxd8 Rxd8 12. fxe4 Nxe4 13. e3 b6 14.
Bd3 Bb7 15. Nf3 Rac8 16. O-O f5 17. Nd4 Nd6 18. Rad1 Kf6 19. b3 Rg8 1/2-1/2

[Event "CZECH OPEN 2011 "]
[Site "Pardubice (CZE)"]
[Date "2011.07.29"]
[Round "8.7"]
[White "Jaracz, Pawel"]
[Black "Arun Prasad, S."]
[Result "0-1"]
[WhiteElo "2575"]
[BlackElo "2489"]
[PlyCount "134"]
[EventDate "2011.07.22"]

1. c4 c5 2. Nc3 b6 3. Nf3 Bb7 4. e4 d6 5. d4 cxd4 6. Nxd4 Nf6 7. Qe2 e6 8. g4
g6 9. Bg2 Bg7 10. Be3 a6 11. f4 Qc8 12. f5 h5 13. fxg6 Nxg4 14. gxf7+ Kxf7 15.
Bh3 Nc6 16. Bxg4 hxg4 17. Qxg4 Nxd4 18. Rf1+ Kg8 19. Rg1 Nc2+ 20. Kd2 Rxh2+ 21.
Ne2 Rh7 22. Bh6 Qd7 23. Bxg7 Rxg7 24. Qxg7+ Qxg7 25. Rxg7+ Kxg7 26. Kxc2 Bxe4+
27. Kd2 Rh8 28. Ke3 Bg6 29. Nf4 Bf5 30. Rd1 e5 31. Rxd6 exf4+ 32. Kxf4 Bc8 33.
Kg5 b5 34. cxb5 axb5 35. Rd5 Be6 36. Rxb5 Bxa2 37. Kf4 Kf6 38. Ke3 Rh4 39. Kd2
Bc4 40. Rc5 Ke6 41. Rg5 Kd6 42. Rg3 Bd5 43. b3 Rh8 44. Kc3 Rc8+ 45. Kb2 Ke5 46.
Rd3 Ke4 47. Rg3 Kd4 48. Rh3 Be4 49. Rh2 Rg8 50. Rd2+ Bd3 51. Rh2 Rg1 52. Rh4+
Be4 53. Rh3 Rg4 54. Ka3 Bg2 55. Rh8 Bf1 56. Kb2 Rg2+ 57. Ka3 Bd3 58. Rd8+ Kc3
59. Rc8+ Kd2 60. Rc5 Rg1 61. Rd5 Kc2 62. Rc5+ Kb1 63. Rc3 Rd1 64. b4 Bc2 65.
Rg3 Kc1 66. Rh3 Rd8 67. Rh1+ Bd1 0-1

[Event "CZECH OPEN 2011 "]
[Site "Pardubice (CZE)"]
[Date "2011.07.29"]
[Round "8.8"]
[White "Michiels, Bart"]
[Black "Vorobiov, Evgeny E"]
[Result "1/2-1/2"]
[WhiteElo "2489"]
[BlackElo "2574"]
[PlyCount "24"]
[EventDate "2011.07.22"]

1. e4 c5 2. Nf3 d6 3. d4 cxd4 4. Nxd4 Nf6 5. Nc3 a6 6. Be2 Nbd7 7. O-O Nc5 8.
Bf3 e6 9. a4 Be7 10. a5 O-O 11. g3 Qc7 12. Bg2 Rd8 1/2-1/2

[Event "CZECH OPEN 2011 "]
[Site "Pardubice (CZE)"]
[Date "2011.07.29"]
[Round "8.10"]
[White "Sengupta, Deep"]
[Black "Kovacevic, Blazimir"]
[Result "1/2-1/2"]
[WhiteElo "2563"]
[BlackElo "2480"]
[PlyCount "125"]
[EventDate "2011.07.22"]

1. e4 e6 2. d4 d5 3. Nc3 Nf6 4. e5 Nfd7 5. Nce2 c5 6. c3 Nc6 7. f4 Be7 8. Nf3
O-O 9. g3 f6 10. Bh3 fxe5 11. Bxe6+ Kh8 12. dxe5 Ndxe5 13. Bxd5 Nxf3+ 14. Bxf3
Qxd1+ 15. Kxd1 Ne5 16. Be4 Rd8+ 17. Ke1 Nd3+ 18. Bxd3 Rxd3 19. Kf2 Bf5 20. Re1
Rad8 21. Ng1 Bf6 22. Nf3 Kg8 23. a4 Bd7 24. Be3 Bc6 25. Re2 a6 26. a5 c4 27.
Rd2 Rxd2+ 28. Nxd2 Bb5 29. Ne4 Bc6 30. Nd2 Bb5 31. Re1 Kf7 32. Re2 Rd7 33. Bb6
h5 34. Nf3 Rd1 35. Rd2 Rb1 36. Bd4 Bd8 37. Ne5+ Kg8 38. Bb6 Bf6 39. Ke3 Re1+
40. Kd4 Bc6 41. Bc7 Re4+ 42. Kc5 Bxe5 43. fxe5 Kf7 44. Kd6 Re3 45. Rd4 Re2 46.
h4 Rxb2 47. Bd8 Kg6 48. e6 Rg2 49. Rxc4 Rxg3 50. Bg5 Rg4 51. Rxc6 bxc6 52. Kxc6
Rc4+ 53. Kd7 Re4 54. Kd6 Kf5 55. e7 Kg6 56. Kd5 Re2 57. c4 Kf7 58. Kc6 Ke8 59.
Kb6 Re6+ 60. Kb7 Re5 61. Kb6 Re6+ 62. Kb7 Re5 63. Kxa6 1/2-1/2

[Event "CZECH OPEN 2011 "]
[Site "Pardubice (CZE)"]
[Date "2011.07.29"]
[Round "8.11"]
[White "Stella, Andrea"]
[Black "Arutinian, David"]
[Result "0-1"]
[WhiteElo "2412"]
[BlackElo "2562"]
[PlyCount "82"]
[EventDate "2011.07.22"]

1. d4 g6 2. e4 Bg7 3. c3 d6 4. f4 Nf6 5. Bd3 e5 6. Nf3 Bg4 7. O-O O-O 8. Be3
exf4 9. Bxf4 c5 10. Nbd2 cxd4 11. cxd4 Nc6 12. Qb3 Bxf3 13. Nxf3 Ng4 14. Qxb7
Nxd4 15. h3 Ne6 16. Bg3 Nc5 17. Qc6 Ne3 18. Rfe1 Nxg2 19. Kxg2 Nxd3 20. Red1
Nxb2 21. Rxd6 Qa5 22. Rd5 Qa4 23. Qxa4 Nxa4 24. e5 Nb6 25. Ra5 Rfc8 26. Rb1
Rc2+ 27. Kg1 Nc4 28. Rc5 Bh6 29. Kh1 Rc3 30. Rb3 Rc1+ 31. Kh2 Rc2+ 32. Kh1 Rd8
33. Rb1 Bf8 34. Rc7 Rc3 35. Rb3 Rd1+ 36. Ng1 Rcc1 37. Bh2 Nd2 38. Rxc1 Rxc1 39.
Rd3 Rc2 40. Rd8 Nf1 41. Bf4 g5 0-1

[Event "CZECH OPEN 2011 "]
[Site "Pardubice (CZE)"]
[Date "2011.07.29"]
[Round "8.12"]
[White "Chernyshov, Konstantin"]
[Black "Lalic, Bogdan"]
[Result "0-1"]
[WhiteElo "2552"]
[BlackElo "2470"]
[PlyCount "114"]
[EventDate "2011.07.22"]

1. b3 d5 2. Bb2 Bg4 3. Nf3 Bxf3 4. gxf3 Nf6 5. f4 e6 6. e3 g6 7. d4 Bg7 8. Ba3
Bf8 9. Bxf8 Kxf8 10. Nd2 c5 11. dxc5 Qa5 12. Qb1 Qxc5 13. Qb2 Kg7 14. c4 Nc6
15. Bg2 Rhd8 16. cxd5 exd5 17. O-O Qe7 18. Nf3 d4 19. exd4 Nd5 20. Rfe1 Qf6 21.
Re4 Ncb4 22. Qd2 Rac8 23. Ne1 Nc3 24. Re5 Rxd4 25. Qxd4 Ne2+ 26. Rxe2 Qxd4 27.
Rb1 Nd5 28. Bxd5 Qxd5 29. Ng2 Qd3 30. Ree1 Rc2 31. a4 Qf3 32. Rf1 Ra2 33. h4 b6
34. Kh2 a5 35. Kg1 Ra3 36. Ne3 Qxf4 37. Rb2 Qd4 38. Nc4 Qg4+ 39. Kh2 Qxh4+ 40.
Kg2 Qg4+ 41. Kh2 Rxb3 42. Rxb3 Qxc4 43. Rfb1 Qxa4 44. Rxb6 h5 45. R6b3 g5 46.
Kg1 h4 47. Re3 Kg6 48. Rc1 f6 49. Rb1 g4 50. Rbe1 f5 51. Rd3 Kg5 52. Rd5 h3 53.
Ree5 Qf4 54. Rxa5 Qf3 55. Kf1 Qd1+ 56. Re1 Qd3+ 57. Kg1 Qf3 0-1

[Event "CZECH OPEN 2011 "]
[Site "Pardubice (CZE)"]
[Date "2011.07.29"]
[Round "8.13"]
[White "Geske, Julian"]
[Black "Kovalev, Andrei"]
[Result "1/2-1/2"]
[WhiteElo "2337"]
[BlackElo "2531"]
[PlyCount "112"]
[EventDate "2011.07.22"]

1. e4 c5 2. Nf3 e6 3. Nc3 a6 4. d4 cxd4 5. Nxd4 Qc7 6. g3 Bb4 7. Bd2 Nf6 8. Bg2
Nc6 9. Nxc6 dxc6 10. O-O Be7 11. Be3 e5 12. Na4 Nd7 13. Bh3 Nc5 14. Bxc5 Bxh3
15. Bb6 Qc8 16. Re1 h5 17. Qd3 h4 18. Rad1 hxg3 19. fxg3 O-O 20. Qc3 Re8 21.
Nc5 Qg4 22. Rd3 Bxc5+ 23. Qxc5 Re6 24. Bd8 Kh7 25. Qe3 Rg6 26. Qe2 Qe6 27. b3
Rc8 28. Ba5 c5 29. Rd5 Bg4 30. Qe3 c4 31. Bc3 cxb3 32. cxb3 f6 33. Rc1 Rc6 34.
Bb2 Rxc1+ 35. Bxc1 Bh3 36. Qf3 Rg4 37. Be3 Qe8 38. Qf5+ Qg6 39. Qxg6+ Kxg6 40.
Kf2 Rxe4 41. Rd6 Kh5 42. Rb6 f5 43. Rxb7 Bg4 44. h3 Bxh3 45. Rxg7 f4 46. Bxf4
exf4 47. Rh7+ Kg4 48. Rh4+ Kf5 49. Rxh3 Rd4 50. Rh5+ Ke4 51. Ra5 fxg3+ 52. Kxg3
Rd6 53. Kf2 Kd3 54. Ra4 Kc3 55. Ke3 Rh6 56. Kf3 Rb6 1/2-1/2

[Event "CZECH OPEN 2011 "]
[Site "Pardubice (CZE)"]
[Date "2011.07.29"]
[Round "8.14"]
[White "Baryshpolets, Andrey"]
[Black "Teske, Henrik"]
[Result "0-1"]
[WhiteElo "2474"]
[BlackElo "2529"]
[PlyCount "62"]
[EventDate "2011.07.22"]

1. d4 d5 2. c4 e6 3. Nf3 Nf6 4. g3 c5 5. Bg2 Nc6 6. O-O Be7 7. cxd5 Nxd5 8.
dxc5 Bxc5 9. a3 O-O 10. Qc2 Bb6 11. Rd1 Qe7 12. Nbd2 Bd7 13. e4 Nf6 14. Nc4 Bc7
15. Bg5 Rac8 16. Qe2 h6 17. Bh4 g5 18. Nxg5 hxg5 19. Bxg5 Ne5 20. Bxf6 Qxf6 21.
Nxe5 Bxe5 22. Rxd7 Bxb2 23. Rb1 Bxa3 24. e5 Qg6 25. Be4 Qg5 26. Rd4 Rfd8 27.
Ra4 Rd2 28. Qf3 Bc5 29. Rf1 Bd4 30. Bd3 Rd8 31. Qe4 Rxd3 0-1

[Event "CZECH OPEN 2011 "]
[Site "Pardubice (CZE)"]
[Date "2011.07.29"]
[Round "8.15"]
[White "Schlosser, Philipp"]
[Black "Pacher, Milan"]
[Result "1-0"]
[WhiteElo "2599"]
[BlackElo "2408"]
[PlyCount "69"]
[EventDate "2011.07.22"]

1. Nf3 Nf6 2. c4 c5 3. Nc3 g6 4. d4 cxd4 5. Nxd4 Nc6 6. Nc2 Bg7 7. e4 O-O 8.
Be2 d6 9. O-O Nd7 10. Bd2 Nc5 11. b4 Ne6 12. Rc1 Ned4 13. Nxd4 Nxd4 14. Be3
Nxe2+ 15. Qxe2 Be6 16. Nd5 Qd7 17. Rfd1 Bxd5 18. Rxd5 a6 19. c5 Qe6 20. Qd3
dxc5 21. bxc5 Be5 22. Rb1 Bc7 23. Rxb7 Qc6 24. Rb1 e6 25. Rd7 Rfb8 26. Rxb8+
Rxb8 27. g3 h5 28. h4 a5 29. Kh2 Rb2 30. Rd8+ Kh7 31. Rf8 Kg7 32. Rc8 Rxa2 33.
Bd4+ f6 34. Qf3 e5 35. Bxe5 1-0

[Event "CZECH OPEN 2011 "]
[Site "Pardubice (CZE)"]
[Date "2011.07.29"]
[Round "8.42"]
[White "Nun, Jiri"]
[Black "Vila Gazquez, Xavier"]
[Result "1-0"]
[WhiteElo "2360"]
[BlackElo "2487"]
[PlyCount "155"]
[EventDate "2011.07.22"]

1. e4 c5 2. Nf3 e6 3. b3 Nc6 4. Bb5 Nge7 5. Bb2 Ng6 6. O-O Qc7 7. Re1 f6 8. c3
a6 9. Bf1 Be7 10. d4 O-O 11. g3 cxd4 12. cxd4 b5 13. Nc3 Bb7 14. Bg2 Qb6 15.
Qe2 Rfe8 16. Red1 Rac8 17. Rac1 Bf8 18. h4 Rcd8 19. e5 Nb4 20. h5 Ne7 21. a3
Nbd5 22. Ne4 Nf5 23. exf6 gxf6 24. Nh2 Nh6 25. Qd2 Kh8 26. Qd3 Bg7 27. Nc5 Ba8
28. Re1 Qd6 29. Rc2 f5 30. Bc1 Nf7 31. Nf3 b4 32. Qxa6 Qxa6 33. Nxa6 bxa3 34.
Bxa3 Bc6 35. Nc5 Ra8 36. Bc1 Bb5 37. Bd2 Rab8 38. Ne5 Nxe5 39. dxe5 Bc6 40.
Bxd5 exd5 41. e6 dxe6 42. Nxe6 Bb5 43. Nxg7 Rxe1+ 44. Bxe1 Kxg7 45. Bd2 Rb7 46.
f3 Be8 47. h6+ Kf6 48. b4 Bb5 49. Rc5 Bc4 50. Kf2 Ra7 51. Rc6+ Ke7 52. Bf4 Ra3
53. Rc7+ Ke6 54. Rxh7 d4 55. Rc7 Ra2+ 56. Ke1 Ra1+ 57. Kf2 Ra2+ 58. Kg1 Ra1+
59. Kh2 Bd5 60. g4 Bxf3 61. g5 Rh1+ 62. Kg3 Bh5 63. Rc6+ Kf7 64. Rf6+ Kg8 65.
Rxf5 Rb1 66. b5 Rb3+ 67. Kh4 Bg6 68. Re5 d3 69. Re7 Bf5 70. g6 Bxg6 71. Rg7+
Kh8 72. Rxg6 Rb4 73. Kg4 Rd4 74. Kg5 Rd5+ 75. Kf6 d2 76. Bxd2 Rxd2 77. Ke7 Kh7
78. Re6 1-0

[Event "CZECH OPEN 2011 "]
[Site "Pardubice (CZE)"]
[Date "2011.07.29"]
[Round "8.58"]
[White "Bystrov, Sergej"]
[Black "Ponizil, Cyril"]
[Result "0-1"]
[WhiteElo "2300"]
[BlackElo "2388"]
[PlyCount "72"]
[EventDate "2011.07.22"]

1. d4 Nf6 2. Nf3 g6 3. c4 Bg7 4. Nc3 O-O 5. Bg5 d6 6. e3 h6 7. Bh4 c6 8. Be2 a6
9. O-O g5 10. Bg3 Nh5 11. Qc2 Nxg3 12. hxg3 b5 13. b4 Be6 14. Nd2 Nd7 15. a4
bxc4 16. Nxc4 c5 17. bxc5 dxc5 18. d5 Bf5 19. Qxf5 Bxc3 20. Bd3 Nf6 21. Rac1
Bb4 22. Rfd1 Qxd5 23. Qh3 Kg7 24. Nb6 Qe5 25. Nxa8 g4 26. Qh4 Rxa8 27. Rc4 h5
28. Rf4 e6 29. Bf5 Bc3 30. Qg5+ Kf8 31. Qh6+ Ke7 32. Bg6 Rg8 33. Bxf7 Qg5 34.
Rxf6 Bxf6 35. Qh7 Rg7 36. Qe4 Rxf7 0-1

[Event "CZECH OPEN 2011 "]
[Site "Pardubice (CZE)"]
[Date "2011.07.29"]
[Round "8.64"]
[White "Jasny, Stanislav"]
[Black "Racz, Zoltan"]
[Result "1/2-1/2"]
[WhiteElo "2366"]
[BlackElo "2271"]
[PlyCount "62"]
[EventDate "2011.07.22"]

1. e4 e6 2. d4 d5 3. Nc3 Nf6 4. e5 Nfd7 5. f4 c5 6. Nf3 Nc6 7. Ne2 Be7 8. c3
O-O 9. h4 f6 10. a3 a5 11. Ng3 cxd4 12. cxd4 fxe5 13. dxe5 Nc5 14. Bd3 Nxd3+
15. Qxd3 Qe8 16. Be3 b6 17. Ng5 Bxg5 18. hxg5 Qg6 19. Qxg6 hxg6 20. Rc1 Bd7 21.
Rf1 a4 22. Rf2 Rab8 23. Rfc2 Na5 24. Rc7 Bb5 25. Re7 Nc4 26. Nf1 d4 27. Bd2
Rbc8 28. Ng3 Nxb2 29. Rxc8 Rxc8 30. Rxe6 Nd3+ 31. Kd1 Nb2+ 1/2-1/2

[Event "CZECH OPEN 2011 "]
[Site "Pardubice (CZE)"]
[Date "2011.07.29"]
[Round "8.65"]
[White "Kireev, Aleksei"]
[Black "Lorscheid, Gerhard"]
[Result "1/2-1/2"]
[WhiteElo "2360"]
[BlackElo "2265"]
[PlyCount "66"]
[EventDate "2011.07.22"]

1. g3 d5 2. d3 e5 3. e4 dxe4 4. dxe4 Qxd1+ 5. Kxd1 Bc5 6. f3 Ne7 7. Bh3 Bxh3 8.
Nxh3 h5 9. Ke2 h4 10. g4 Nbc6 11. c3 a5 12. a4 f6 13. Nd2 g5 14. Nc4 Kf7 15.
Nf2 Bxf2 16. Kxf2 Rhd8 17. Be3 Ke6 18. Rhd1 b6 19. b3 Ng6 20. Rd2 Rxd2+ 21.
Bxd2 Nf4 22. Bxf4 exf4 23. Rd1 Rd8 24. Rxd8 Nxd8 25. Ke2 Nc6 26. Kd3 Kd7 27.
Kd2 Ke6 28. Kc2 Kd7 29. Kb2 Ne5 30. Nxe5+ fxe5 31. b4 c5 32. Kb3 h3 33. Kc4 Kc6
1/2-1/2

[Event "CZECH OPEN 2011 "]
[Site "Pardubice (CZE)"]
[Date "2011.07.29"]
[Round "8.66"]
[White "Kashlinskaya, Alina"]
[Black "Ben, Artzi Ido"]
[Result "1-0"]
[WhiteElo "2360"]
[BlackElo "2264"]
[PlyCount "67"]
[EventDate "2011.07.22"]

1. d4 Nf6 2. c4 g6 3. Nc3 d5 4. Nf3 Bg7 5. e3 O-O 6. cxd5 Nxd5 7. Bc4 Nb6 8.
Bb3 Na6 9. O-O c5 10. Qe2 Bg4 11. Rd1 Qc7 12. Bd2 Rac8 13. a4 e5 14. dxe5 c4
15. Ba2 Qc5 16. h3 Bxf3 17. Qxf3 Rc7 18. Ne4 Qxe5 19. Bc3 Qf5 20. Qxf5 gxf5 21.
Nf6+ Kh8 22. a5 Na4 23. Be5 Rc6 24. Nd7 Re8 25. Bxc4 Nxb2 26. Bxb2 Bxb2 27.
Bxf7 Bxa1 28. Bxe8 Bc3 29. Nb6 Re6 30. Bf7 Rc6 31. Nc4 Kg7 32. Bd5 Rc7 33. Nd6
Nc5 34. Ne8+ 1-0

[Event "CZECH OPEN 2011 "]
[Site "Pardubice (CZE)"]
[Date "2011.07.29"]
[Round "8.67"]
[White "Caletka, Radomir"]
[Black "Kulagin, Maxim"]
[Result "1/2-1/2"]
[WhiteElo "2357"]
[BlackElo "2263"]
[PlyCount "51"]
[EventDate "2011.07.22"]

1. d4 e6 2. c4 Bb4+ 3. Bd2 Bxd2+ 4. Qxd2 Nf6 5. Nc3 O-O 6. Nf3 d6 7. g3 Nc6 8.
Bg2 e5 9. d5 Nb8 10. O-O a5 11. b3 Bg4 12. a3 Bxf3 13. Bxf3 Nbd7 14. b4 Qe7 15.
Bg2 h6 16. Nb5 Rfc8 17. Rfc1 Ne8 18. Bh3 Rd8 19. Ra2 Ra6 20. Rac2 b6 21. Qd3
axb4 22. axb4 Rda8 23. Qf5 Ndf6 24. Bg2 Ra4 25. Rb2 Nd7 26. Bh3 1/2-1/2

[Event "CZECH OPEN 2011 "]
[Site "Pardubice (CZE)"]
[Date "2011.07.29"]
[Round "8.68"]
[White "Bracker, Arne"]
[Black "Ageichenko, Genadi A"]
[Result "1-0"]
[WhiteElo "2263"]
[BlackElo "2356"]
[PlyCount "67"]
[EventDate "2011.07.22"]

1. d4 Nf6 2. c4 g6 3. Nc3 d5 4. Nf3 Bg7 5. Qb3 dxc4 6. Qxc4 O-O 7. e4 Na6 8.
Be2 c5 9. d5 e6 10. a3 exd5 11. exd5 Re8 12. O-O Bf5 13. Re1 Qb6 14. Na4 Qd6
15. Nc3 Ne4 16. Be3 Rad8 17. Rad1 Nxc3 18. bxc3 Qb6 19. Bd3 Bxd3 20. Qxd3 Nc7
21. c4 Qd6 22. Bg5 Bf6 23. h4 Rxe1+ 24. Rxe1 Re8 25. Rxe8+ Nxe8 26. Qe3 Kf8 27.
Bh6+ Bg7 28. Bf4 Qb6 29. Ne5 Nf6 30. f3 Kg8 31. Kh2 Nh5 32. Ng4 Nxf4 33. Qe8+
Bf8 34. Nh6+ 1-0

[Event "CZECH OPEN 2011 "]
[Site "Pardubice (CZE)"]
[Date "2011.07.29"]
[Round "8.69"]
[White "Kutynec, Vladimir"]
[Black "Dmitrenko, Viktor"]
[Result "0-1"]
[WhiteElo "2259"]
[BlackElo "2353"]
[PlyCount "68"]
[EventDate "2011.07.22"]

1. Nf3 Nf6 2. c4 c6 3. b3 g6 4. Bb2 Bg7 5. g3 O-O 6. Bg2 d5 7. O-O Bf5 8. d3
Qc8 9. Nbd2 Bh3 10. cxd5 cxd5 11. Rc1 Nc6 12. Ne5 Bxg2 13. Kxg2 Qe6 14. Nxc6
bxc6 15. Nf3 Rfc8 16. Rc2 a5 17. Qa1 c5 18. Rfc1 a4 19. bxa4 Bh6 20. e3 d4 21.
Rxc5 Rxc5 22. Rxc5 dxe3 23. Nd4 Qd7 24. Qc1 Qb7+ 25. Nc6 e2 26. f4 e1=Q 27.
Qxe1 Qxb2+ 28. Kh3 Bf8 29. a5 e6 30. Rc4 Qxa2 31. g4 Qa3 32. Qe3 Nd5 33. Qf3
Bd6 34. f5 Qb2 0-1

[Event "CZECH OPEN 2011 "]
[Site "Pardubice (CZE)"]
[Date "2011.07.29"]
[Round "8.124"]
[White "Cizinsky, Petr"]
[Black "Papp, Petra"]
[Result "0-1"]
[WhiteElo "2148"]
[BlackElo "2261"]
[PlyCount "64"]
[EventDate "2011.07.22"]

1. e4 e5 2. Nf3 Nc6 3. Bb5 a6 4. Ba4 Nge7 5. O-O g6 6. d3 Bg7 7. c3 O-O 8. Nbd2
d6 9. Re1 h6 10. Nf1 f5 11. Bc2 f4 12. h3 g5 13. N1h2 Qe8 14. d4 Qg6 15. Bb3+
Kh7 16. Bd5 Bd7 17. dxe5 dxe5 18. Qb3 Rab8 19. Bd2 Nd8 20. Ng4 Nec6 21. Qa3 Nf7
22. Bxc6 Bxc6 23. Qe7 Rbe8 24. Qxc7 h5 25. Ngh2 Bf6 26. g4 hxg4 27. Nxg4 Bd8
28. Qc8 Nd6 29. Qb8 Bb6 30. Nfxe5 Rxb8 31. Nxg6 Kxg6 32. Ne5+ Kg7 0-1

[Event "CZECH OPEN 2011 "]
[Site "Pardubice (CZE)"]
[Date "2011.07.29"]
[Round "8.73"]
[White "Wagener, Claude"]
[Black "Kachar, Vladimir"]
[Result "0-1"]
[WhiteElo "2232"]
[BlackElo "2328"]
[PlyCount "128"]
[EventDate "2011.07.22"]

1. e4 c5 2. Nf3 Nc6 3. d4 cxd4 4. Nxd4 Qc7 5. Nc3 e6 6. Be3 a6 7. Bd3 Nf6 8.
O-O Nxd4 9. Bxd4 Bc5 10. Bxc5 Qxc5 11. Na4 Qc7 12. c4 d6 13. Rc1 b6 14. Qe2 O-O
15. Kh1 Bb7 16. Nc3 Rac8 17. Rcd1 e5 18. Rd2 Nd7 19. Nd1 Nc5 20. b3 g6 21. Ne3
Ne6 22. Qg4 Nf4 23. Rfd1 Rcd8 24. f3 Kh8 25. Qh4 f6 26. g3 Ne6 27. Bf1 Nd4 28.
Bg2 f5 29. Nc2 Ne6 30. Ne3 Kg7 31. exf5 gxf5 32. f4 Nd4 33. Nd5 Bxd5 34. Bxd5
Rde8 35. Re1 b5 36. g4 fxg4 37. Qxg4+ Kh8 38. fxe5 dxe5 39. Rg1 Qe7 40. Rdg2 h6
41. Qh5 Nf5 42. Be4 Qh4 43. Qe2 Nd4 44. Qe3 Qf4 45. Qd3 bxc4 46. bxc4 Rg8 47.
Bd5 Rxg2 48. Rxg2 Nf5 49. Rg1 e4 50. Qc3+ Qe5 51. Qxe5+ Rxe5 52. Re1 e3 53. Kg2
Nd4 54. Bb7 Rg5+ 55. Kf1 e2+ 56. Kf2 Rf5+ 57. Kg2 Ra5 58. Kg3 Rxa2 59. c5 a5
60. Be4 Ra3+ 61. Kf2 Rc3 62. c6 a4 63. Ra1 a3 64. Bd5 Nc2 0-1